000 00508nam a22001817a 4500
999 _c29355
_d29354
003 OSt
005 20210309111945.0
008 170614b xxu||||| |||| 00| 0 eng d
020 _a9780073528587
040 _aMMU
_beng
_cMMU
_dMMU
050 _aQA 76.9 .C66 2011
245 _aAnnual Editions:
_bComputers in Society 10/11/
_cEdited by Paul De Palma.
250 _a16th ed.
260 _aCanada:
_bMcGrawHill,
_c2011.
300 _axvi, 191 p. :
650 _aComputers in Society
942 _2lcc
_cLOAN LOAN